Mary Douglas a very personal method: anthropological writings drawn from life (Record no. 169595)
[ view plain ]
| 000 -LEADER | |
|---|---|
| fixed length control field | 00655nam a2200217Ia 4500 |
| 003 - CONTROL NUMBER IDENTIFIER | |
| control field | OSt |
| 005 - DATE AND TIME OF LATEST TRANSACTION | |
| control field | 20230410163139.0 |
| 008 - FIXED-LENGTH DATA ELEMENTS--GENERAL INFORMATION | |
| fixed length control field | 210423s2013 xx 000 0 und d |
| 020 ## - INTERNATIONAL STANDARD BOOK NUMBER | |
| International Standard Book Number | 978-1-4462-5469-1 |
| 040 ## - CATALOGING SOURCE | |
| Transcribing agency | AL |
| 041 ## - LANGUAGE CODE | |
| Language code of text/sound track or separate title | eng |
| 082 ## - DEWEY DECIMAL CLASSIFICATION NUMBER | |
| Classification number | 301 |
| Edition number | 23 |
| Item number | FARM |
| 100 ## - MAIN ENTRY--PERSONAL NAME | |
| Personal name | FARDON (Richard) |
| 9 (RLIN) | 85678 |
| 245 ## - TITLE STATEMENT | |
| Title | Mary Douglas a very personal method: anthropological writings drawn from life |
| 260 ## - PUBLICATION, DISTRIBUTION, ETC. | |
| Place of publication, distribution, etc. | London |
| Name of publisher, distributor, etc. | Sage Publications |
| Date of publication, distribution, etc. | 2013 |
| 300 ## - PHYSICAL DESCRIPTION | |
| Extent | x,318 |
| Other physical details | PB |
| 365 ## - TRADE PRICE | |
| Price amount | 3577.41 |
| Currency code | GBP |
| 650 ## - SUBJECT ADDED ENTRY--TOPICAL TERM | |
| Topical term or geographic name entry element | Sociology |
| 9 (RLIN) | 85679 |
| 906 ## - LOCAL DATA ELEMENT F, LDF (RLIN) | |
| a | anthropological ; Douglas ; drawn ; life ; Mary ; method: ; personal ; ver ; writings |
| 942 ## - ADDED ENTRY ELEMENTS (KOHA) | |
| Source of classification or shelving scheme | Dewey Decimal Classification |
| Koha item type | Book |
| Withdrawn status | Lost status | Damaged status | Not for loan | Collection code | Home library | Current library | Date acquired | Source of acquisition | Cost, normal purchase price | Total Checkouts | Full call number | Barcode | Date last seen | Price effective from | Koha item type |
|---|---|---|---|---|---|---|---|---|---|---|---|---|---|---|---|
| MA English | St Aloysius PG Library | St Aloysius PG Library | 11/27/2018 | Intact Bookhouse | 3577.41 | 301 FARM | PG016097 | 08/24/2022 | 04/26/2021 | Book |